00243nam a2200109Ia 4500008004100000041001200041082001100053100001500064245004200079260000600121650000600127221030s9999 xx 000 0 und d aEnglish a105.23 aE. Shapiro 0aMacroeconomic Analysiscby E. Shapiro c0 aB